[Event "Bundesliga 9697"]
[Site "Deutschland"]
[Date "1997.??.??"]
[Round "?.3"]
[White "Kohlweyer, Bernd"]
[Black "Piket, Jeroen"]
[Result "0-1"]
[WhiteElo "2420"]
[BlackElo "2640"]
[PlyCount "122"]
[EventDate "1996.10.??"]
[EventType "team"]
[EventRounds "15"]
[EventCountry "GER"]
[SourceTitle "Bundesliga 9697"]
[Source "DeepChess"]
[SourceDate "2005.01.01"]
[SourceVersion "1"]
[SourceVersionDate "2005.01.01"]
[SourceQuality "1"]
[WhiteTeam "SC Anderssen St.Ingbert 1920 e.V."]
[BlackTeam "SG 1868 Aljech. Solingen"]
[WhiteTeamCountry "GER"]
[BlackTeamCountry "GER"]

1. d4 Nf6 2. c4 e6 3. g3 d5 4. Nf3 dxc4 5. Bg2 Nc6 6. Qa4 Bb4+ 7. Bd2 Nd5 8.
Bxb4 Ndxb4 9. O-O Rb8 10. Nc3 a6 11. Ne5 O-O 12. Nxc6 Nxc6 13. Bxc6 bxc6 14.
Qxc4 Rxb2 15. Rab1 Rb6 16. Rfd1 Qe7 17. Qc5 Qxc5 18. dxc5 Rxb1 19. Rxb1 e5 20.
f3 f6 21. Kf2 Kf7 22. Rb8 Ke7 23. Ke3 Be6 24. Rb7 Kd7 25. h4 h5 26. Rb4 Kc8 27.
f4 Re8 28. Kf2 Bf5 29. Kf3 Bg4+ 30. Kf2 Bf5 31. Kf3 Bg4+ 32. Kf2 exf4 33. gxf4
g5 34. Re4 Rg8 35. Kg3 gxh4+ 36. Kxh4 Bf5 37. Re3 Rg4+ 38. Kxh5 Rxf4 39. Kh6
Rg4 40. Rf3 Rg6+ 41. Kh5 Rg5+ 42. Kh6 Kd7 43. e4 Bg4 44. Rxf6 Rxc5 45. Nb1 Rc2
46. Kg5 Be6 47. Rf3 Bxa2 48. Nc3 Bc4 49. Kf6 Rh2 50. Ke5 c5 51. Rf6 a5 52. Na4
Rh5+ 53. Kf4 Bb3 54. Nc3 Rh3 55. Nd5 Rh4+ 56. Ke3 Bxd5 57. exd5 Rd4 58. Ra6 a4
59. Ke2 Rxd5 60. Rxa4 Kc6 61. Ra1 c4 0-1

[Event "Bundesliga 9697"]
[Site "Deutschland"]
[Date "1997.??.??"]
[Round "?.4"]
[White "Gabriel, Christian"]
[Black "Kachiani Gersinska, Ketino"]
[Result "1/2-1/2"]
[WhiteElo "2570"]
[BlackElo "2375"]
[PlyCount "75"]
[EventDate "1996.10.??"]
[EventType "team"]
[EventRounds "15"]
[EventCountry "GER"]
[SourceTitle "Bundesliga 9697"]
[Source "DeepChess"]
[SourceDate "2005.01.01"]
[SourceVersion "1"]
[SourceVersionDate "2005.01.01"]
[SourceQuality "1"]
[WhiteTeam "SG 1868 Aljech. Solingen"]
[BlackTeam "SC Anderssen St.Ingbert 1920 e.V."]
[WhiteTeamCountry "GER"]
[BlackTeamCountry "GER"]

1. Nf3 Nf6 2. c4 g6 3. d4 Bg7 4. Nc3 O-O 5. e4 d6 6. Be2 e5 7. d5 Nbd7 8. Be3
Ng4 9. Bg5 f6 10. Bd2 f5 11. exf5 Nc5 12. O-O Rxf5 13. h3 Nxf2 14. Rxf2 e4 15.
Be3 exf3 16. Bxf3 Bd7 17. Bd4 Qh4 18. Bxg7 Kxg7 19. b4 Qxc4 20. bxc5 Qxc3 21.
Rc1 Qe3 22. cxd6 cxd6 23. Rc7 Rf7 24. Rxb7 Rc8 25. Qa1+ Kh6 26. Rb3 Rc1+ 27.
Kh2 Qf4+ 28. g3 Rxa1 29. gxf4 Rxf4 30. Rb7 Ba4 31. Kg3 Rd4 32. Rxa7 Bb3 33. Ra6
Rg1+ 34. Kh2 Ra1 35. Kg3 Rg1+ 36. Bg2 Bxd5 37. Rxd6 Rd3+ 38. Kh2 1/2-1/2

[Event "Bundesliga 9697"]
[Site "Deutschland"]
[Date "1997.??.??"]
[Round "?.5"]
[White "Werner, Dimo"]
[Black "Bischoff, Klaus"]
[Result "0-1"]
[WhiteElo "2385"]
[BlackElo "2550"]
[PlyCount "74"]
[EventDate "1996.10.??"]
[EventType "team"]
[EventRounds "15"]
[EventCountry "GER"]
[SourceTitle "Bundesliga 9697"]
[Source "DeepChess"]
[SourceDate "2005.01.01"]
[SourceVersion "1"]
[SourceVersionDate "2005.01.01"]
[SourceQuality "1"]
[WhiteTeam "SC Anderssen St.Ingbert 1920 e.V."]
[BlackTeam "SG 1868 Aljech. Solingen"]
[WhiteTeamCountry "GER"]
[BlackTeamCountry "GER"]

1. e4 c5 2. Nf3 e6 3. c3 Nf6 4. Bd3 Nc6 5. O-O Be7 6. Bc2 d5 7. e5 Nd7 8. d4 b6
9. Re1 Ba6 10. a3 h6 11. b4 cxd4 12. cxd4 Bc4 13. Nbd2 b5 14. Nxc4 bxc4 15. b5
Ncb8 16. Nd2 a6 17. Qg4 g5 18. Qh5 axb5 19. Re3 Nc6 20. Rf3 Rf8 21. Bg6 Ndxe5
22. dxe5 Nxe5 23. Bc2 Nxf3+ 24. Nxf3 b4 25. Nd4 Qb6 26. Be3 Bc5 27. Nxe6 Bxe3
28. Ng7+ Kd8 29. Qf3 Bxf2+ 30. Kh1 Ra5 31. Rb1 b3 32. Bh7 Kc7 33. Nf5 Re8 34.
Ng7 Re7 35. Rf1 Qe3 36. Rxf2 Qxf3 37. gxf3 f6 0-1

[Event "Bundesliga 9697"]
[Site "Deutschland"]
[Date "1997.??.??"]
[Round "?.6"]
[White "Lau, Ralf"]
[Black "Gross, Georg"]
[Result "1-0"]
[WhiteElo "2500"]
[BlackElo "2340"]
[PlyCount "111"]
[EventDate "1996.10.??"]
[EventType "team"]
[EventRounds "15"]
[EventCountry "GER"]
[SourceTitle "Bundesliga 9697"]
[Source "DeepChess"]
[SourceDate "2005.01.01"]
[SourceVersion "1"]
[SourceVersionDate "2005.01.01"]
[SourceQuality "1"]
[WhiteTeam "SG 1868 Aljech. Solingen"]
[BlackTeam "SC Anderssen St.Ingbert 1920 e.V."]
[WhiteTeamCountry "GER"]
[BlackTeamCountry "GER"]

1. e4 Nc6 2. Nf3 f5 3. exf5 d5 4. Bb5 Bxf5 5. Ne5 a6 6. Bxc6+ bxc6 7. O-O e6 8.
d3 Bd6 9. Qh5+ g6 10. Qe2 Qh4 11. Nd2 Nf6 12. Ndf3 Qh5 13. Re1 O-O 14. h3 c5
15. Bf4 Rab8 16. b3 h6 17. Nd2 Qxe2 18. Rxe2 g5 19. Bh2 h5 20. Ndf3 g4 21. hxg4
hxg4 22. Nh4 Kg7 23. Bf4 Rh8 24. g3 Rh5 25. Nc6 Re8 26. Be5 Kf7 27. Rae1 Nd7
28. Bxd6 cxd6 29. Nxf5 Rxf5 30. Rxe6 Rxe6 31. Nd8+ Ke7 32. Nxe6 Ne5 33. Nf4 Kd7
34. Kg2 Nf3 35. Rh1 Kc6 36. c4 dxc4 37. dxc4 Re5 38. Nd5 Ne1+ 39. Kf1 Nf3 40.
Ne3 Re4 41. Rh7 a5 42. Ke2 Ne5 43. Kd2 Rd4+ 44. Kc3 Kb6 45. Nd5+ Ka6 46. Rh6
Nf7 47. Rg6 a4 48. Kc2 Re4 49. Ne3 Ne5 50. Rxd6+ Ka5 51. Re6 Kb4 52. Nd5+ Ka5
53. Re8 Ka6 54. Ne3 axb3+ 55. axb3 Kb7 56. Nxg4 1-0

[Event "Bundesliga 9697"]
[Site "Deutschland"]
[Date "1997.??.??"]
[Round "?.7"]
[White "Becker, Marc"]
[Black "Podzielny, Karl Heinz"]
[Result "1-0"]
[WhiteElo "2415"]
[BlackElo "2490"]
[PlyCount "81"]
[EventDate "1996.10.??"]
[EventType "team"]
[EventRounds "15"]
[EventCountry "GER"]
[SourceTitle "Bundesliga 9697"]
[Source "DeepChess"]
[SourceDate "2005.01.01"]
[SourceVersion "1"]
[SourceVersionDate "2005.01.01"]
[SourceQuality "1"]
[WhiteTeam "SC Anderssen St.Ingbert 1920 e.V."]
[BlackTeam "SG 1868 Aljech. Solingen"]
[WhiteTeamCountry "GER"]
[BlackTeamCountry "GER"]

1. c4 e5 2. g3 Nf6 3. Bg2 Nc6 4. Nf3 Bc5 5. O-O d6 6. Nc3 a6 7. d3 h6 8. a3 O-O
9. e3 Ba7 10. b3 Rb8 11. Nd2 Ne7 12. Bb2 Be6 13. Qc2 Qd7 14. Rae1 Bh3 15. Nd1
Ng6 16. Ne4 Nxe4 17. dxe4 Bxg2 18. Kxg2 b5 19. cxb5 axb5 20. Nc3 c6 21. Rd1
Rfd8 22. Rd3 Nf8 23. Rfd1 Ne6 24. h4 Qe7 25. b4 Rbc8 26. Qe2 Bb8 27. Qg4 Nf8
28. a4 bxa4 29. Nxa4 Nd7 30. Nc3 Nf6 31. Qf5 Qb7 32. Ba3 Qa6 33. g4 Qxa3 34. g5
Nd7 35. Nd5 Qa7 36. Ne7+ Kf8 37. g6 Nf6 38. Nxc8 Qa2 39. Nxd6 fxg6 40. Qxg6 Qa7
41. Nf5 1-0

[Event "Bundesliga 9697"]
[Site "Deutschland"]
[Date "1997.??.??"]
[Round "?.8"]
[White "Schaefer, Markus"]
[Black "Kummerow, Heiko"]
[Result "1/2-1/2"]
[WhiteElo "2435"]
[BlackElo "2280"]
[PlyCount "45"]
[EventDate "1996.10.??"]
[EventType "team"]
[EventRounds "15"]
[EventCountry "GER"]
[SourceTitle "Bundesliga 9697"]
[Source "DeepChess"]
[SourceDate "2005.01.01"]
[SourceVersion "1"]
[SourceVersionDate "2005.01.01"]
[SourceQuality "1"]
[WhiteTeam "SG 1868 Aljech. Solingen"]
[BlackTeam "SC Anderssen St.Ingbert 1920 e.V."]
[WhiteTeamCountry "GER"]
[BlackTeamCountry "GER"]

1. e4 e6 2. d4 d5 3. Nd2 Nf6 4. e5 Nfd7 5. c3 c5 6. Bd3 Nc6 7. Ne2 cxd4 8. cxd4
Qb6 9. Nf3 f6 10. exf6 Nxf6 11. O-O Bd6 12. Bf4 Bxf4 13. Nxf4 O-O 14. Qd2 Kh8
15. Ng5 Nxd4 16. Qe3 e5 17. Qxe5 Bd7 18. Nxh7 Nxh7 19. Ng6+ Kg8 20. Ne7+ Kh8
21. Ng6+ Kg8 22. Ne7+ Kh8 23. Ng6+ 1/2-1/2

[Event "Bundesliga 9697"]
[Site "Deutschland"]
[Date "1996.??.??"]
[Round "?.1"]
[White "Dautov, Rustem"]
[Black "Glek, Igor V"]
[Result "1-0"]
[WhiteElo "2615"]
[BlackElo "2670"]
[PlyCount "103"]
[EventDate "1996.10.??"]
[EventType "team"]
[EventRounds "15"]
[EventCountry "GER"]
[SourceTitle "Bundesliga 9697"]
[Source "DeepChess"]
[SourceDate "2005.01.01"]
[SourceVersion "1"]
[SourceVersionDate "2005.01.01"]
[SourceQuality "1"]
[WhiteTeam "SC Anderssen St.Ingbert 1920 e.V."]
[BlackTeam "SG Bochum 31"]
[WhiteTeamCountry "GER"]
[BlackTeamCountry "GER"]

1. d4 Nf6 2. c4 g6 3. Nf3 Bg7 4. Nc3 O-O 5. e4 d6 6. Be2 e5 7. O-O exd4 8. Nxd4
Re8 9. f3 Nc6 10. Be3 Nh5 11. Nxc6 bxc6 12. Qd2 f5 13. exf5 Bxf5 14. Bd4 Nf6
15. Rfe1 c5 16. Bf2 Qd7 17. Rad1 Qf7 18. b3 a6 19. Bd3 Bxd3 20. Qxd3 Rxe1+ 21.
Rxe1 Re8 22. Re3 Kf8 23. g3 Rxe3 24. Qxe3 Nd7 25. Kg2 Ne5 26. Ne4 h6 27. f4 Nc6
28. Qf3 Nd4 29. Bxd4 Bxd4 30. g4 Ke7 31. Ng3 Kd7 32. f5 c6 33. h4 gxf5 34. Nxf5
Qe6 35. Kh3 Be5 36. g5 h5 37. Kg2 d5 38. cxd5 cxd5 39. Ne3 d4 40. Nc4 Bc7 41.
Qxh5 Qe4+ 42. Qf3 Qxh4 43. Qf5+ Kc6 44. Qf3+ Kd7 45. Qf5+ Kc6 46. g6 Qh2+ 47.
Kf1 Qh1+ 48. Ke2 Qh2+ 49. Kd1 Bf4 50. Qc8+ Kd5 51. Qb7+ Ke6 52. Qf7# 1-0

[Event "Bundesliga 9697"]
[Site "Deutschland"]
[Date "1996.??.??"]
[Round "?.2"]
[White "Georgiev, Kiril"]
[Black "Martinovic, Slobodan"]
[Result "1-0"]
[WhiteElo "2620"]
[BlackElo "2500"]
[PlyCount "81"]
[EventDate "1996.10.??"]
[EventType "team"]
[EventRounds "15"]
[EventCountry "GER"]
[SourceTitle "Bundesliga 9697"]
[Source "DeepChess"]
[SourceDate "2005.01.01"]
[SourceVersion "1"]
[SourceVersionDate "2005.01.01"]
[SourceQuality "1"]
[WhiteTeam "SG Bochum 31"]
[BlackTeam "SC Anderssen St.Ingbert 1920 e.V."]
[WhiteTeamCountry "GER"]
[BlackTeamCountry "GER"]

1. d4 Nf6 2. c4 d6 3. Nc3 Bf5 4. g3 e5 5. Nf3 Nbd7 6. Bg2 c6 7. Nh4 Bg6 8. d5
cxd5 9. Nxg6 hxg6 10. Nxd5 Nxd5 11. Qxd5 Rb8 12. O-O Be7 13. b3 O-O 14. Ba3 Nf6
15. Qd2 Qc7 16. Rfd1 Rfd8 17. Rac1 a5 18. Rc3 a4 19. bxa4 Qa5 20. Qc2 Rd7 21.
Rb1 Qa6 22. Rb5 Ra8 23. a5 Rad8 24. h3 d5 25. Bxe7 Rxe7 26. Bxd5 e4 27. Qd2
Red7 28. Rcb3 Nxd5 29. cxd5 Qf6 30. R3b4 Qf5 31. g4 Qe5 32. Qd4 Qg5 33. Qxe4
Rxd5 34. Rxd5 Rxd5 35. a6 bxa6 36. Qe8+ Kh7 37. Rb8 Qc1+ 38. Kg2 Kh6 39. h4 g5
40. Qh8+ Kg6 41. Rb6+ 1-0

[Event "Bundesliga 9697"]
[Site "Deutschland"]
[Date "1996.??.??"]
[Round "?.4"]
[White "Schmittdiel, Eckhard"]
[Black "Kohlweyer, Bernd"]
[Result "0-1"]
[WhiteElo "2440"]
[BlackElo "2430"]
[PlyCount "124"]
[EventDate "1996.10.??"]
[EventType "team"]
[EventRounds "15"]
[EventCountry "GER"]
[SourceTitle "Bundesliga 9697"]
[Source "DeepChess"]
[SourceDate "2005.01.01"]
[SourceVersion "1"]
[SourceVersionDate "2005.01.01"]
[SourceQuality "1"]
[WhiteTeam "SG Bochum 31"]
[BlackTeam "SC Anderssen St.Ingbert 1920 e.V."]
[WhiteTeamCountry "GER"]
[BlackTeamCountry "GER"]

1. Nf3 Nf6 2. b3 c5 3. Bb2 e6 4. g3 b6 5. Bg2 Bb7 6. O-O Be7 7. e3 O-O 8. Re1
d6 9. c4 Nbd7 10. d4 cxd4 11. exd4 d5 12. Nbd2 Re8 13. Nf1 Rc8 14. Ne3 Rc7 15.
Ne5 Qa8 16. Bh3 dxc4 17. Nxd7 Rxd7 18. bxc4 Rdd8 19. f4 Ne4 20. Ng4 f5 21. Ne5
Bf6 22. d5 g6 23. Rxe4 fxe4 24. d6 Qc8 25. Qd4 Bxe5 26. Qxe5 Qc5+ 27. Qxc5 bxc5
28. Rd1 Kf7 29. Ba3 Rd7 30. Bxc5 Rc8 31. Bxa7 Rxc4 32. Bf1 Rc2 33. a4 Bc6 34.
Bb5 Bxb5 35. axb5 Rb2 36. b6 e5 37. fxe5 Ke6 38. b7 Rdxb7 39. Bd4 Rb1 40. Rxb1
Rxb1+ 41. Kf2 Rb3 42. Ke2 Rd3 43. Bb2 g5 44. Ba1 g4 45. Bb2 h5 46. Ba1 Rb3 47.
Bd4 Ra3 48. Bb6 Rd3 49. Bc7 Rb3 50. Kf2 Rb2+ 51. Ke3 Rxh2 52. Kxe4 Rf2 53. Ba5
Rf3 54. Be1 Rf1 55. Ba5 h4 56. gxh4 g3 57. Bb6 g2 58. h5 g1=Q 59. Bxg1 Rxg1 60.
Kf4 Rg7 61. d7 Rxd7 62. h6 Rd1 0-1

[Event "Bundesliga 9697"]
[Site "Deutschland"]
[Date "1996.??.??"]
[Round "?.5"]
[White "Ristic, Nenad"]
[Black "Bosch, Jeroen"]
[Result "1-0"]
[WhiteElo "2445"]
[BlackElo "2425"]
[PlyCount "83"]
[EventDate "1996.10.??"]
[EventType "team"]
[EventRounds "15"]
[EventCountry "GER"]
[SourceTitle "Bundesliga 9697"]
[Source "DeepChess"]
[SourceDate "2005.01.01"]
[SourceVersion "1"]
[SourceVersionDate "2005.01.01"]
[SourceQuality "1"]
[WhiteTeam "SC Anderssen St.Ingbert 1920 e.V."]
[BlackTeam "SG Bochum 31"]
[WhiteTeamCountry "GER"]
[BlackTeamCountry "GER"]

1. e4 c5 2. Nf3 g6 3. c3 Bg7 4. d4 cxd4 5. cxd4 d5 6. exd5 Nf6 7. Nc3 Nxd5 8.
Bc4 Nb6 9. Bb3 O-O 10. O-O Bg4 11. h3 Bxf3 12. Qxf3 Nc6 13. Rd1 Qd7 14. Be3 Na5
15. d5 Nac4 16. Bd4 Rac8 17. Bxg7 Kxg7 18. Qe2 Nd6 19. Re1 Rc7 20. Rad1 Nbc8
21. Rd4 a5 22. Ba4 Qd8 23. Qd2 b6 24. Bc2 h6 25. Rh4 Rh8 26. Qd4+ f6 27. Rg4 g5
28. Qd3 Qe8 29. Re6 b5 30. Ne4 Nxe4 31. Rgxe4 Qf7 32. Re2 h5 33. Qxb5 Nd6 34.
Qxa5 Rhc8 35. Qa4 Nc4 36. Bf5 Rd8 37. Qb4 Ne5 38. Qa5 Rc1+ 39. Kh2 Re8 40. Qd2
Rc7 41. R2xe5 fxe5 42. Qxg5+ 1-0

[Event "Bundesliga 9697"]
[Site "Deutschland"]
[Date "1996.??.??"]
[Round "?.6"]
[White "Reschke, Stefan"]
[Black "Kachiani Gersinska, Ketino"]
[Result "0-1"]
[WhiteElo "2400"]
[BlackElo "2415"]
[PlyCount "50"]
[EventDate "1996.10.??"]
[EventType "team"]
[EventRounds "15"]
[EventCountry "GER"]
[SourceTitle "Bundesliga 9697"]
[Source "DeepChess"]
[SourceDate "2005.01.01"]
[SourceVersion "1"]
[SourceVersionDate "2005.01.01"]
[SourceQuality "1"]
[WhiteTeam "SG Bochum 31"]
[BlackTeam "SC Anderssen St.Ingbert 1920 e.V."]
[WhiteTeamCountry "GER"]
[BlackTeamCountry "GER"]

1. d4 Nf6 2. c4 g6 3. g3 Bg7 4. Bg2 O-O 5. Nc3 d6 6. Nf3 Nc6 7. d5 Na5 8. Nd2
c5 9. Rb1 Rb8 10. a3 Ng4 11. Qc2 Ne5 12. Nd1 b5 13. cxb5 Bf5 14. e4 Bd7 15. f4
Ng4 16. b4 cxb4 17. axb4 Bxb5 18. bxa5 Qxa5 19. Bf1 Ba4 20. Qa2 Rxb1 21. Qxb1
Bxd1 22. Kxd1 Nf2+ 23. Ke2 Nxh1 24. Bg2 Rc8 25. Bxh1 Qc5 0-1

[Event "Bundesliga 9697"]
[Site "Deutschland"]
[Date "1996.??.??"]
[Round "?.7"]
[White "Gross, Georg"]
[Black "Ankerst, Mihael"]
[Result "1/2-1/2"]
[WhiteElo "2355"]
[BlackElo "2355"]
[PlyCount "135"]
[EventDate "1996.10.??"]
[EventType "team"]
[EventRounds "15"]
[EventCountry "GER"]
[SourceTitle "Bundesliga 9697"]
[Source "DeepChess"]
[SourceDate "2005.01.01"]
[SourceVersion "1"]
[SourceVersionDate "2005.01.01"]
[SourceQuality "1"]
[WhiteTeam "SC Anderssen St.Ingbert 1920 e.V."]
[BlackTeam "SG Bochum 31"]
[WhiteTeamCountry "GER"]
[BlackTeamCountry "GER"]

1. d4 Nf6 2. Nf3 g6 3. g3 Bg7 4. Bg2 O-O 5. O-O d6 6. c4 Nbd7 7. Qc2 e5 8. Rd1
Qe7 9. h3 a6 10. dxe5 dxe5 11. Nc3 c6 12. e4 Ne8 13. b3 Nc7 14. a4 a5 15. Ba3
Nc5 16. Nd5 cxd5 17. cxd5 b6 18. d6 Qd7 19. dxc7 Qxc7 20. b4 axb4 21. Bxb4 Bb7
22. a5 Rfc8 23. axb6 Qxb6 24. Rxa8 Bxa8 25. Bxc5 Rxc5 26. Qd3 Bf8 27. Nd2 Qc7
28. Nf1 Rc4 29. Qd8 Qxd8 30. Rxd8 Bxe4 31. Bxe4 Rxe4 32. Ne3 Kg7 33. Kg2 Ra4
34. Ng4 e4 35. Rd7 Ra5 36. Kf1 h5 37. Ne3 Bc5 38. Rd5 Ra1+ 39. Kg2 Rc1 40. Rd2
f5 41. Nd5 Kf7 42. h4 Bf8 43. Rb2 Rc6 44. Rb7+ Ke6 45. Nf4+ Ke5 46. Rb5+ Kd4
47. Rd5+ Kc4 48. Rd1 Bg7 49. Kf1 Ra6 50. Rc1+ Kd4 51. Rc7 Be5 52. Rd7+ Kc4 53.
Nd5 Bd4 54. Ne3+ Bxe3 55. fxe3 Kc5 56. Rd2 Rd6 57. Rc2+ Kd5 58. Ke2 Ke6 59. Ra2
Rb6 60. Kf2 Kf6 61. Kg2 g5 62. Kf2 Kg6 63. Rc2 Rf6 64. Rc8 gxh4 65. gxh4 f4 66.
Rc5 Rb6 67. exf4 Rb3 68. Rg5+ 1/2-1/2

[Event "Bundesliga 9697"]
[Site "Deutschland"]
[Date "1996.??.??"]
[Round "?.8"]
[White "Ellers, Holger"]
[Black "Kummerow, Heiko"]
[Result "0-1"]
[WhiteElo "2305"]
[BlackElo "2265"]
[PlyCount "80"]
[EventDate "1996.10.??"]
[EventType "team"]
[EventRounds "15"]
[EventCountry "GER"]
[SourceTitle "Bundesliga 9697"]
[Source "DeepChess"]
[SourceDate "2005.01.01"]
[SourceVersion "1"]
[SourceVersionDate "2005.01.01"]
[SourceQuality "1"]
[WhiteTeam "SG Bochum 31"]
[BlackTeam "SC Anderssen St.Ingbert 1920 e.V."]
[WhiteTeamCountry "GER"]
[BlackTeamCountry "GER"]

1. d4 Nf6 2. c4 c5 3. d5 b5 4. cxb5 a6 5. f3 e6 6. e4 exd5 7. e5 Qe7 8. Qe2 Ng8
9. Nc3 Bb7 10. Nh3 Qd8 11. Nf4 Ne7 12. Kf2 g6 13. bxa6 Nxa6 14. Nb5 Nf5 15.
Nd6+ Bxd6 16. exd6+ Kf8 17. Qe5 f6 18. Qc3 d4 19. Qb3 Nxd6 20. Nd5 Kg7 21. Bf4
c4 22. Qb6 Bxd5 23. Qxd6 Bf7 24. Qxd4 d5 25. g4 h6 26. Bg2 Nb4 27. Rhc1 Nd3+
28. Kg1 Nxc1 29. Rxc1 g5 30. Bd2 Rxa2 31. f4 Qb8 32. Bxd5 Bxd5 33. Qxd5 Rd8 34.
Qe6 Qd6 35. Qe4 Qd4+ 36. Qxd4 Rxd4 37. Bc3 Rxf4 38. h3 Ra7 39. Rd1 Kf7 40. Kg2
Re7 0-1

[Event "Bundesliga 9697"]
[Site "Deutschland"]
[Date "1997.??.??"]
[Round "?.1"]
[White "Lutz, Christopher"]
[Black "Dautov, Rustem"]
[Result "1/2-1/2"]
[WhiteElo "2555"]
[BlackElo "2590"]
[PlyCount "96"]
[EventDate "1996.10.??"]
[EventType "team"]
[EventRounds "15"]
[EventCountry "GER"]
[SourceTitle "Bundesliga 9697"]
[Source "DeepChess"]
[SourceDate "2005.01.01"]
[SourceVersion "1"]
[SourceVersionDate "2005.01.01"]
[SourceQuality "1"]
[WhiteTeam "SG Porz e.V."]
[BlackTeam "SC Anderssen St.Ingbert 1920 e.V."]
[WhiteTeamCountry "GER"]
[BlackTeamCountry "GER"]

1. e4 c6 2. d4 d5 3. e5 c5 4. dxc5 e6 5. Be3 Nh6 6. Nf3 Nf5 7. Bg5 Qa5+ 8. c3
Qxc5 9. Bd3 h6 10. Bd2 Qb6 11. b4 a5 12. b5 Nd7 13. a4 Nc5 14. Bc2 Ne4 15. O-O
Bc5 16. Qe2 Nxd2 17. Nbxd2 Bd7 18. Rad1 Ne7 19. Nb3 Rc8 20. Nfd4 Qc7 21. Nxc5
Qxc5 22. Rd3 g6 23. Qd2 Nf5 24. Nb3 Qc7 25. Re1 b6 26. Nc1 h5 27. Bb3 Rd8 28.
Ne2 O-O 29. Nd4 Nxd4 30. cxd4 Rc8 31. Qh6 Be8 32. Qg5 Qd8 33. Qxd8 Rxd8 34. Rc3
f6 35. exf6 Rxf6 36. g3 Kf8 37. f4 h4 38. Kg2 hxg3 39. hxg3 Rb8 40. Bd1 Ke7 41.
Rh1 Bd7 42. Bc2 Kd6 43. Rh6 Rff8 44. Rxg6 Rbc8 45. Rxc8 Rxc8 46. Bf5 Ke7 47.
Rg7+ Kd6 48. Rg6 Ke7 1/2-1/2

[Event "Bundesliga 9697"]
[Site "Deutschland"]
[Date "1997.??.??"]
[Round "?.5"]
[White "Stangl, Markus"]
[Black "Werner, Dimo"]
[Result "0-1"]
[WhiteElo "2540"]
[BlackElo "2385"]
[PlyCount "76"]
[EventDate "1996.10.??"]
[EventType "team"]
[EventRounds "15"]
[EventCountry "GER"]
[SourceTitle "Bundesliga 9697"]
[Source "DeepChess"]
[SourceDate "2005.01.01"]
[SourceVersion "1"]
[SourceVersionDate "2005.01.01"]
[SourceQuality "1"]
[WhiteTeam "SG Porz e.V."]
[BlackTeam "SC Anderssen St.Ingbert 1920 e.V."]
[WhiteTeamCountry "GER"]
[BlackTeamCountry "GER"]

1. Nf3 Nf6 2. c4 g6 3. d4 Bg7 4. g3 O-O 5. Bg2 d6 6. O-O Nc6 7. Nc3 e5 8. d5
Ne7 9. c5 Ne8 10. cxd6 cxd6 11. a4 h6 12. a5 f5 13. Be3 g5 14. Nb5 Bd7 15. Qb3
f4 16. Bd2 Nf5 17. e4 fxe3 18. fxe3 Nf6 19. Ne1 Ng4 20. Nc2 Qe8 21. Nc3 Nxg3
22. Rxf8+ Qxf8 23. Be1 Nf5 24. Qxb7 Rd8 25. Qxa7 e4 26. Nxe4 Bb5 27. Bc3 Ra8
28. Qb7 Bd3 29. Nb4 Bxe4 30. Bxe4 Nd4 31. Qxg7+ Qxg7 32. Bxd4 Qf7 33. Bg2 Qf2+
34. Kh1 Rxa5 35. Rc1 Nxe3 36. Bxe3 Qxe3 37. Rf1 Rb5 38. Nc2 Qd2 0-1

[Event "Bundesliga 9697"]
[Site "Deutschland"]
[Date "1997.??.??"]
[Round "?.7"]
[White "Vogt, Lothar"]
[Black "Becker, Marc"]
[Result "1/2-1/2"]
[WhiteElo "2515"]
[BlackElo "2415"]
[PlyCount "84"]
[EventDate "1996.10.??"]
[EventType "team"]
[EventRounds "15"]
[EventCountry "GER"]
[SourceTitle "Bundesliga 9697"]
[Source "DeepChess"]
[SourceDate "2005.01.01"]
[SourceVersion "1"]
[SourceVersionDate "2005.01.01"]
[SourceQuality "1"]
[WhiteTeam "SG Porz e.V."]
[BlackTeam "SC Anderssen St.Ingbert 1920 e.V."]
[WhiteTeamCountry "GER"]
[BlackTeamCountry "GER"]

1. e4 e5 2. Nf3 Nc6 3. Bb5 a6 4. Ba4 Nf6 5. O-O Bc5 6. Bxc6 dxc6 7. d3 Qe7 8.
Be3 O-O 9. Nbd2 Bxe3 10. fxe3 Ng4 11. Qe2 c5 12. h3 Nh6 13. g4 f6 14. Rf2 Nf7
15. Kh2 Be6 16. Rg1 Rad8 17. Nh4 c4 18. dxc4 Qb4 19. b3 b5 20. Nf5 Ng5 21. Rgg2
bxc4 22. bxc4 Qa3 23. Qf1 Bxf5 24. gxf5 Rd7 25. h4 Nf7 26. Rg3 Rfd8 27. Nb3 Nd6
28. Rfg2 Ne8 29. c5 Qa4 30. Qf3 Qxa2 31. c6 Re7 32. Nc5 Qb1 33. Ne6 Rd1 34. Rf2
a5 35. Qg2 a4 36. c4 a3 37. Ra2 Rh1+ 38. Qxh1 Qxa2+ 39. Rg2 Qxc4 40. Qa1 Qxe4
41. Qxa3 Qxh4+ 42. Kg1 Qe1+ 1/2-1/2

[Event "Bundesliga 9697"]
[Site "Deutschland"]
[Date "1997.??.??"]
[Round "?.8"]
[White "Kummerow, Heiko"]
[Black "Mainka, Romuald"]
[Result "0-1"]
[WhiteElo "2280"]
[BlackElo "2480"]
[PlyCount "165"]
[EventDate "1996.10.??"]
[EventType "team"]
[EventRounds "15"]
[EventCountry "GER"]
[SourceTitle "Bundesliga 9697"]
[Source "DeepChess"]
[SourceDate "2005.01.01"]
[SourceVersion "1"]
[SourceVersionDate "2005.01.01"]
[SourceQuality "1"]
[WhiteTeam "SC Anderssen St.Ingbert 1920 e.V."]
[BlackTeam "SG Porz e.V."]
[WhiteTeamCountry "GER"]
[BlackTeamCountry "GER"]

1. e4 c5 2. Nf3 d6 3. d4 cxd4 4. Nxd4 Nf6 5. Nc3 Nc6 6. Bg5 e6 7. Qd2 Be7 8.
O-O-O Nxd4 9. Qxd4 a6 10. f4 b5 11. Bxf6 gxf6 12. e5 d5 13. Kb1 Bb7 14. Ne2 Rg8
15. Ng3 fxe5 16. fxe5 Qc7 17. Bd3 Rg5 18. Rde1 O-O-O 19. Bxh7 Rh8 20. Bd3 Rg7
21. Ref1 Rh4 22. Qe3 Bc5 23. Qe1 Rhg4 24. Nh5 R7g5 25. Nf4 Rxe5 26. Qd1 Rg8 27.
h4 Be3 28. g4 d4 29. Rh3 Rc5 30. Nh5 Bg2 31. Rhf3 Bxf3 32. Qxf3 Kb8 33. Nf6 Rh8
34. Rh1 Ka7 35. Ne4 Rd5 36. Qf6 Rh6 37. Qg7 Rg6 38. Qh7 Rd8 39. g5 Rdg8 40. Nf6
R8g7 41. Qh5 Rxf6 42. gxf6 Rg2 43. Be4 Rf2 44. Qh8 d3 45. Qa8+ Kb6 46. Bxd3 Bd4
47. a4 Bxf6 48. Re1 Rf4 49. Re4 Rxe4 50. Bxe4 bxa4 51. h5 a3 52. Bd3 Bxb2 53.
Qxa6+ Kc5 54. Qc4+ Kd6 55. Qf4+ Be5 56. Qb4+ Qc5 57. Qb8+ Ke7 58. Qb7+ Kf6 59.
Qf3+ Kg7 60. Qg2+ Kh6 61. Qd2+ Kxh5 62. Qe2+ Kg5 63. Qg2+ Kf6 64. Qf3+ Kg7 65.
Qg2+ Kf8 66. Qa8+ Ke7 67. Qb7+ Qc7 68. Qb4+ Bd6 69. Qh4+ Kd7 70. Bb5+ Kc8 71.
Qa4 Kb8 72. Ka2 Qc3 73. Qb3 Qxb3+ 74. Kxb3 Kc7 75. Bc4 Bc5 76. Kc3 Kd6 77. Kd3
f5 78. Ke2 e5 79. Kf3 Ke7 80. Kg3 Kf6 81. Kf3 e4+ 82. Kf4 Bd6+ 83. Ke3 0-1